00872nam a2200265 a 4500001001300000003000900013005001700022008004100039020001000080082001400090100001900104245006900123260003700192300000900229500003500238505000600273650002000279650002400299700001900323902000800342942000700350952012900357952010300486999001700589nice12345678IN_TiNIC20260116015331.0090721s1999 usaa grp 000 0 eng  ac10000a230bSTO2 aStoner, Jean S aPreparing for Witness in Contextb 1998 Cook Theological Seminar aUSA bPresbyterian Church c1999 a404p aincludes index and biblioraphy2 ap aTheology-Modern aTheology-Contextual1 aStoner, Jean S bSRS cBK 001040708StackRoom-aHMIbHMId2009-07-21g100.00l1o230 STO2p11001718r2022-12-06s2022-11-18v100.00w2009-07-21yBK 00104070aHMIbHMIcGENd2025-08-12eDirectorl0o230 STO2p11002626r2025-08-12w2025-08-12yBK c19276d19276